|
|
|
|
| LEADER |
00000nam a2200000 i 4500 |
| 001 |
1/97202 |
| 008 |
950207s1984 gre d |
| 035 |
|
|
|l 10010466
|
| 040 |
|
|
|a GR-MY-UA
|b gre
|e aacr
|
| 041 |
0 |
|
|a gre
|
| 082 |
0 |
|
|a 320.53209495
|
| 100 |
1 |
|
|a Κουτσούκαλης, Αλέκος Γ.,
|d 1918-
|
| 245 |
1 |
2 |
|a Η δεύτερη δεκαετία του ΚΚΕ 1929-1939 /
|c Αλέκος Κουτσούκαλης
|
| 260 |
|
|
|a Αθήνα :
|b Γνώση,
|c 1984
|
| 300 |
|
|
|a 194 σ.
|
| 610 |
2 |
0 |
|a Κομμουνιστικό Κόμμα Ελλάδος.
|
| 650 |
0 |
0 |
|a Communist parties
|z Greece
|x History.
|
| 651 |
|
0 |
|a Greece
|x Politics and government
|y 1917-1935.
|
| 852 |
|
|
|a INST
|b LESVOS
|e 19950207
|h 320.53209495 ΚΟΥ
|p 005100003034
|q 005100003034
|t BK
|y 0
|
| 909 |
|
|
|a Λ
|b 011328
|
| 922 |
|
|
|a 1ΕΛΗ
|b 19807
|c ΠΠ/8114
|